Sexuologie / 1 / hrsg. von Peter G. Hesse. .. Bearb. von B. Bittighöfer
| Autor principal: | |
|---|---|
| Tipo de documento: | Print Libro |
| Lenguaje: | Alemán |
| Publicado: |
Leipzig
Hirzel
1974
|
| En: |
Sexuologie Geschlecht, Mensch, Gesellschaft. In 3 Bänden
Año: 1974 |
| Edición: | 2., durchges. Aufl. |
| Disponibilidad en Tübingen: | Disponible en Tübingen. UB: KB 3 A 578-1 |
| Verificar disponibilidad: | HBZ Gateway |
| Servicio de pedido Subito: | Pedir ahora. |
MARC
| LEADER | 00000cam a2200000 cc4500 | ||
|---|---|---|---|
| 001 | 1081616830 | ||
| 003 | DE-627 | ||
| 005 | 20260317134439.0 | ||
| 007 | tu | ||
| 008 | 860625s1974 xx ||||| 00| ||ger c | ||
| 035 | |a (DE-627)1081616830 | ||
| 035 | |a (DE-576)011616830 | ||
| 035 | |a (DE-599)BSZ011616830 | ||
| 035 | |a (OCoLC)310908272 | ||
| 040 | |a DE-627 |b ger |c DE-627 |e rakwb | ||
| 041 | |a ger | ||
| 245 | 0 | 0 | |a Sexuologie |n 1 / hrsg. von Peter G. Hesse. .. Bearb. von B. Bittighöfer |c hrsg. von P. G. Hesse ... |
| 250 | |a 2., durchges. Aufl. | ||
| 264 | 1 | |a Leipzig |b Hirzel |c 1974 | |
| 336 | |a Text |b txt |2 rdacontent | ||
| 337 | |a ohne Hilfsmittel zu benutzen |b n |2 rdamedia | ||
| 338 | |a Band |b nc |2 rdacarrier | ||
| 583 | 1 | |a Archivierung/Langzeitarchivierung gewährleistet |c 2026 |f SLG |x XA-DE-BW |2 pdager |5 DE-289 | |
| 700 | 1 | |a Bittighöfer, Bernd |e Bearb. |4 adp | |
| 773 | 1 | 8 | |a Sexuologie Geschlecht, Mensch, Gesellschaft. In 3 Bänden |w (DE-627)1081609788 |w (DE-576)011609788 |g 1 |q 1,2 |7 nnam |
| 951 | |a MV | ||
| ELC | |b 1 | ||
| LOK | |0 000 xxxxxcx a22 zn 4500 | ||
| LOK | |0 001 2087884609 | ||
| LOK | |0 003 DE-627 | ||
| LOK | |0 004 1081616830 | ||
| LOK | |0 005 19960917000000 | ||
| LOK | |0 008 960228||||||||||||||||ger||||||| | ||
| LOK | |0 040 |a DE-21 |c DE-627 |d DE-21 | ||
| LOK | |0 852 |a DE-21 | ||
| LOK | |0 852 1 |c KB 3 A 578-1 |9 00 | ||
| LOK | |0 935 |a krim | ||
| LOK | |0 939 |a 1996-02-28 |b l01 | ||
| ORI | |a WA-MARC-krimdoka001.raw | ||
| SIG | |a UB: KB 3 A 578-1 | ||
